|
|
|
|
| LEADER |
00930nam a2200217 u 4500 |
| 001 |
10035729 |
| 003 |
upatras |
| 005 |
20220125081754.0 |
| 008 |
000719s1981 gr ab gre |
| 952 |
|
|
|0 0
|1 0
|2 ddc
|4 0
|6 956_720000000000000_ΣΑΚ
|7 0
|9 207406
|a LISP
|b LISP
|c BSC
|d 2016-11-16
|i 087786
|l 0
|o 956.72 ΣΑΚ
|p 025000157862
|r 2016-11-16 00:00:00
|t 1
|w 2016-11-16
|y BK15
|
| 999 |
|
|
|c 126112
|d 126112
|
| 040 |
|
|
|a GR-PaULI
|c GR-PaULI
|b gre
|
| 082 |
0 |
4 |
|a 956.72
|
| 100 |
|
|
|9 6779
|a Σακκάτος, Βαγγέλης,
|d 1930-
|e συγγραφέας
|
| 245 |
1 |
0 |
|a Κουρδιστάν :
|b το εθνικό ζήτημα των Κούρδων, ιστορία και επικαιρότητα /
|b
|c Βαγγέλης Σακκάτος
|
| 260 |
|
|
|a Αθήνα :
|b Στράβωνας,
|c 1981
|
| 300 |
|
|
|a 63 σ. :
|c 21 εκ.
|
| 500 |
|
|
|a
|
| 651 |
|
0 |
|9 158215
|a Κουρδιστάν
|x Ιστορία
|
| 942 |
|
|
|2 ddc
|c BK15
|
| 998 |
|
|
|c ΜΠΟΥΡΑΣ
|d 2016-11
|